00394nam a2200157Ia 450000500170000000800410001702000150005805000210007310000180009424500410011226000300015330000330018344000060021652100070022252600070022920140405085108.0140130s9999 xx 000 0 und d a0590275569 aPZ 7b.T888 1994 aTuchman, Gail cGail Tuchman.aSwing, swing, swing / bScholastic,aUSA :c1994. a16 p. :bcol. ill. ;c22 cm. v1 aBR cBR